Modern law and society (Registro nro. 8542)

Detalles MARC
000 -LEADER
fixed length control field 00874nas a2200241 454500
001 - CONTROL NUMBER
control field 20407
005 - DATE AND TIME OF LATEST TRANSACTION
control field 20260407193506.0
008 - FIXED-LENGTH DATA ELEMENTS--GENERAL INFORMATION
fixed length control field 260407s1985####ag###########|||spa#d
003 - CONTROL NUMBER IDENTIFIER
control field AR-UNSa-BCEJYS
040 ## - CATALOGING SOURCE
Original cataloging agency AR-UNSa-BCEJYS
Language of cataloging spa
Transcribing agency AR-UNSa-BCEJYS
080 ## - UNIVERSAL DECIMAL CLASSIFICATION NUMBER
Universal Decimal Classification number 320
Common auxiliary subdivision Ciencia Política (Política y Gobierno)
022 ## - INTERNATIONAL STANDARD SERIAL NUMBER
International Standard Serial Number 0026-7953
100 1# - MAIN ENTRY--PERSONAL NAME
Personal name Institute for Scientific Co-operation
245 10 - TITLE STATEMENT
Title Modern law and society
Name of part/section of a work a review of german-language research contributions on law, political science, and sociology
264 #1 - PRODUCTION, PUBLICATION, DISTRIBUTION, MANUFACTURE, AND COPYRIGHT NOTICE
Place of production, publication, distribution, manufacture Tübingen :
Name of producer, publisher, distributor, manufacturer Office German Studies
Date of production, publication, distribution, manufacture, or copyright notice 1985
310 ## - CURRENT PUBLICATION FREQUENCY
Current publication frequency Frecuencia: Semestral
590 ## - LOCAL NOTE (RLIN)
Local note niveau_biblio:s niveau_hierar:1
650 ## - SUBJECT ADDED ENTRY--TOPICAL TERM
Topical term or geographic name entry element Derecho
650 ## - SUBJECT ADDED ENTRY--TOPICAL TERM
Topical term or geographic name entry element Sociología
650 ## - SUBJECT ADDED ENTRY--TOPICAL TERM
Topical term or geographic name entry element Ciencia política
856 41 - ELECTRONIC LOCATION AND ACCESS
Uniform Resource Identifier <a href="https://biblioeco.unsa.edu.ar/pmb/images/revistas/Modern Law and Socety.jpg">https://biblioeco.unsa.edu.ar/pmb/images/revistas/Modern Law and Socety.jpg</a>
Link text Imagen de portada
Electronic format type image/jpeg
942 ## - ADDED ENTRY ELEMENTS (KOHA)
Koha item type
Existencias
Withdrawn status Lost status Damaged status Not for loan Home library Current library Shelving location Date acquired Serial enumeration / chronology Total checkouts Full call number Barcode Date last seen Price effective from Koha item type
        Biblioteca Prof. Eusebio Cleto del Rey Biblioteca Prof. Eusebio Cleto del Rey   01/01/1991 Vol. XXIV, Nº 1/2 - ene./dic. 1991   320 MOD v24.n1/2 R09568 10/04/2026 10/04/2026 Numero
        Biblioteca Prof. Eusebio Cleto del Rey Biblioteca Prof. Eusebio Cleto del Rey   01/07/1990 Vol. XXIII, Nº 2 - jul./dic. 1990   320 MOD v23.n2 R09567 10/04/2026 10/04/2026 Numero
        Biblioteca Prof. Eusebio Cleto del Rey Biblioteca Prof. Eusebio Cleto del Rey   01/01/1990 Vol. XXIII, Nº 1 - ene./jun. 1990   320 MOD v23.n1 R09566 10/04/2026 10/04/2026 Numero
        Biblioteca Prof. Eusebio Cleto del Rey Biblioteca Prof. Eusebio Cleto del Rey   01/07/1989 Vol. XXII, Nº 2 - jul./dic. 1989   320 MOD v22.n2 R09565 10/04/2026 10/04/2026 Numero
        Biblioteca Prof. Eusebio Cleto del Rey Biblioteca Prof. Eusebio Cleto del Rey   01/01/1989 Vol. XXII, Nº 1 - ene./jun. 1989   320 MOD v22.n1 R09564 10/04/2026 10/04/2026 Numero
        Biblioteca Prof. Eusebio Cleto del Rey Biblioteca Prof. Eusebio Cleto del Rey   01/07/1988 Vol. XXI, Nº 2 - jul./dic. 1988   320 MOD v21.n2 R09563 10/04/2026 10/04/2026 Numero
        Biblioteca Prof. Eusebio Cleto del Rey Biblioteca Prof. Eusebio Cleto del Rey   01/01/1988 Vol. XXI, Nº 1 - ene./jun. 1988   320 MOD v21.n1 R09562 10/04/2026 10/04/2026 Numero
        Biblioteca Prof. Eusebio Cleto del Rey Biblioteca Prof. Eusebio Cleto del Rey   01/07/1987 Vol. XX, Nº 2 - jul./dic. 1987   320 MOD v20.n2 R09561 10/04/2026 10/04/2026 Numero
        Biblioteca Prof. Eusebio Cleto del Rey Biblioteca Prof. Eusebio Cleto del Rey   01/01/1987 Vol. XX, Nº 1 - ene./jun. 1987   320 MOD v20.n1 R09560 10/04/2026 10/04/2026 Numero
        Biblioteca Prof. Eusebio Cleto del Rey Biblioteca Prof. Eusebio Cleto del Rey   01/07/1986 Vol. XIX, Nº 2 - jul./dic. 1986   320 MOD v19.n2 R09559 10/04/2026 10/04/2026 Numero
        Biblioteca Prof. Eusebio Cleto del Rey Biblioteca Prof. Eusebio Cleto del Rey   01/01/1986 Vol. XIX, Nº 1 - ene./jun. 1986   320 MOD v19.n1 R09558 10/04/2026 10/04/2026 Numero
        Biblioteca Prof. Eusebio Cleto del Rey Biblioteca Prof. Eusebio Cleto del Rey   01/07/1985 Vol. XVIII, Nº 2 - jul./dic. 1985   320 MOD v18.n2 R09542 10/04/2026 10/04/2026 Numero